Регионална библиотека "Любен Каравелов" - Русе

Дерматомикозы (Запис номер 414007)

MARC детайли
000 -Лидер
Контролно поле с фиксирана дължина nam a22 a 4500
003 - Код на организацията, давaща контролен номер
Контролно поле BLK
005 - Дата и час на последна редакция
Контролно поле 20210514073012.0
008 - Елементи от данни с фиксирана дължина
fixed length control field 210514b bu |||||r|||| 00| | bu d
040 ## - Източник на каталожния запис
Идентификатор на билиотеката - собственик на записа BLK
041 ## - Код за език
Код за езика на текст/звукозапис или на отделно заглавие Руски
Код за езика КДБФ Руски
080 ## - УДК
Текстов определител УДК Инфекциозни, вирусни и паразитни заболявания на кожата - Дерматити, гангренозен, язвен, декубитус, гнойни възпаления-пиодермия, абсцец, фурункул, карбункул;кожна туберкулоза - лупус(вълчанка), лепра,
УДК код - определител по УДК 616.5-002
УДК - код + определител 616.5-002
100 ## - Редна дума - Автор
R(LIN) 1299
Автор Кашкин, Павел Николаевич
Авторска отговорност първи автор
139 ## - Редно поле
Редна дума Кашкин, Павел Николаевич
245 ## - Сведения за заглавието
Заглавие Дерматомикозы
Подзаглавни данни Этиология, лабораторная диагностика и эпидемиология
Редно поле (дума) П.Н. Кашкин
250 ## - Област на изданието
Сведения за изданието 2-е изд., перераб. и доп.
260 ## - Област на издателските данни
9 (RLIN) 450579
Място на издаване, разпространение и проч. Ленинград
Име на издателя, разпространителя и проч. Медгиз, Ленингр. отд-ние
Година на издаване 1954
300 ## - Физическа характеристика
Страници 276 с.
Илюстрации и др. с 16 л. ил.
Размери/Мащаб 23 см
380 ## - Жанр
Жанр Медицина
504 ## - Забележка за наличие на библиография и др
Забележка за наличие на библиография и под. Библиогр.с. 274.
650 #7 - Допълнително описание по предмет – тема
9 (RLIN) 153018
Основно описание – тема или топоним Дерматомикози
653 #7 - Ключова дума – ненормативна
9 (RLIN) 184800
Ключова дума дерматология
653 #7 - Ключова дума – ненормативна
9 (RLIN) 189653
Ключова дума лабораторна диагностика
653 #7 - Ключова дума – ненормативна
9 (RLIN) 186358
Ключова дума епидемиология
852 ## - Местоположение
Форматна сигнатура Цб 6.225.41781
Фондова буква Хранилище
999 ## - СИСТЕМНИ КОНТРОЛНИ НОМЕРА
Koha biblionumber 414007
Koha biblioitemnumber 414007
942 ## - АРТИКУЛИ
Вид на библиотечния материал Книги
Скрит в OPAC Не
Периодичен библиозапис Да
944 ## - СЪЗДАВАНЕ И РЕДАКЦИЯ на ЗАПИСА
Създаване/Редакция Създаване
Дата на регистрацията/редакция 2021-05-14
Служител, извършил регистрацията/редакцията А.М.
Наличности
Код за отписване Код за изгубен артикул Източник на класификационната схема Код за повреда Коз за рестрикции Код за отдаване Артикулен № Име на библиотеката - собственик Име на библиотеката, в която се намира в момента Статус (Текущо местоположение) Дата на вписване в системата Местоположение - отдел Цена в лева Инвентарен номер Систематично азбучна сигнатура Баркод Цена в евро Служебен тип на артикула
  Не е изгубен Universal Decimal Classification Не е повреден само за читалня ползва се в читалня 831332 Регионална библиотека "Любен Каравелов" Русе Регионална библиотека "Любен Каравелов" Русе Хранилище 2021-05-20 Основен фонд - ползва се само за читалня 1.00 7709/54 Цб 6.225.41781 900000060473 0.51 Книги
Vip Innovations Ltd, Rousse, Bulgaria 2025